000 00482nam a2200157 i 4500
001 92194
003 ES-MaACL
005 20230906180921.0
007 t|
008 050223s1968 sp ||||1| spa d
245 0 3 _aEl libro de las generaciones /
_cEstudio preliminar, edición critica e índices por Josefa Ferrandis Martinez.
260 _aValencia,
_c1968.
300 _a98 p. ;
_c22 cm.
700 1 _aFerrandis Martínez, Josefa.
_950266
852 _aES-MaACL
_jC-48481
_bR.69581
999 _c92194
_d92194